[Event "Regina Helena Marques 1st"]
[Site "Santos"]
[Date "2003.04.29"]
[Round "10"]
[White "Coelho, Luis Henrique"]
[Black "Cubas, Jose Fernando"]
[Result "1/2-1/2"]
[WhiteElo "2409"]
[BlackElo "2424"]
[PlyCount "55"]
[EventDate "2003.04.22"]
[EventType "tourn"]
[EventRounds "11"]
[EventCountry "BRA"]
[EventCategory "4"]
[SourceTitle "EXT 2004"]
[Source "ChessBase"]
[SourceDate "2003.11.25"]
[SourceVersion "1"]
[SourceVersionDate "2003.11.25"]
[SourceQuality "1"]

1. d4 d5 2. c4 c6 3. Nf3 Nf6 4. Nc3 dxc4 5. a4 Bf5 6. Ne5 Nbd7 7. Nxc4 Qc7 8.
g3 e5 9. dxe5 Nxe5 10. Bf4 Nfd7 11. Bg2 Be7 12. Rc1 Be6 13. Nxe5 Nxe5 14. Qd4
f6 15. Ne4 Qa5+ 16. Bd2 Qd8 17. Qxd8+ Rxd8 18. Nc5 Bxc5 19. Rxc5 Nc4 20. Bc1
Nb6 21. O-O Bb3 22. a5 Na4 23. Rf5 Bc4 24. Re1 Kf7 25. Rf3 Rhe8 26. e4 Rxe4 27.
Rxf6+ Kxf6 28. Bxe4 1/2-1/2

[Event "Regina Helena Marques 1st"]
[Site "Santos"]
[Date "2003.04.30"]
[Round "11"]
[White "Cubas, Jose Fernando"]
[Black "Marques, Vinicius"]
[Result "1/2-1/2"]
[WhiteElo "2424"]
[BlackElo "2353"]
[PlyCount "22"]
[EventDate "2003.04.22"]
[EventType "tourn"]
[EventRounds "11"]
[EventCountry "BRA"]
[EventCategory "4"]
[SourceTitle "EXT 2004"]
[Source "ChessBase"]
[SourceDate "2003.11.25"]
[SourceVersion "1"]
[SourceVersionDate "2003.11.25"]
[SourceQuality "1"]

1. e4 c6 2. d4 d5 3. Nd2 dxe4 4. Nxe4 Bf5 5. Ng3 Bg6 6. h4 h6 7. h5 Bh7 8. Nf3
Nd7 9. Bd3 Bxd3 10. Qxd3 Ngf6 11. Bf4 e6 1/2-1/2

[Event "Pre Amazon op"]
[Site "Imperatriz"]
[Date "2003.07.06"]
[Round "3"]
[White "Moyses Jr, Zich"]
[Black "Cubas, Jose Fernando"]
[Result "1/2-1/2"]
[WhiteElo "2001"]
[BlackElo "2419"]
[PlyCount "69"]
[EventDate "2003.07.05"]
[EventType "swiss"]
[EventRounds "9"]
[EventCountry "BRA"]
[SourceTitle "CBM 095 Extra"]
[Source "ChessBase"]
[SourceDate "2003.09.04"]
[SourceVersion "1"]
[SourceVersionDate "2003.09.04"]
[SourceQuality "1"]

1. e4 d5 2. exd5 Qxd5 3. d4 e5 4. dxe5 Qxd1+ 5. Kxd1 Nc6 6. Bf4 Bf5 7. c3 Nge7
8. Nf3 Ng6 9. Bg3 Bg4 10. Nbd2 Ngxe5 11. Be2 Bd6 12. Nxe5 Bxe2+ 13. Kxe2 Bxe5
14. Bxe5 Nxe5 15. Nf3 Ng6 16. Rhe1 O-O-O 17. Rad1 Nf4+ 18. Kf1 Rxd1 19. Rxd1
Rd8 20. Re1 c6 21. g3 Nd3 22. Re2 Nc1 23. Re7 Rd1+ 24. Kg2 Rd7 25. Re8+ Kc7 26.
Ne5 Rd8 27. Rxd8 Kxd8 28. Nxf7+ Ke7 29. Ne5 Nxa2 30. Kf3 Nc1 31. Ke4 Nb3 32. f4
a5 33. Kd3 Nc5+ 34. Kd4 Ne6+ 35. Ke4 1/2-1/2

[Event "Pre Amazon op"]
[Site "Imperatriz"]
[Date "2003.07.07"]
[Round "4"]
[White "Cubas, Jose Fernando"]
[Black "Lucena, Jose Silvio"]
[Result "1/2-1/2"]
[WhiteElo "2419"]
[BlackElo "2186"]
[PlyCount "57"]
[EventDate "2003.07.05"]
[EventType "swiss"]
[EventRounds "9"]
[EventCountry "BRA"]
[SourceTitle "CBM 095 Extra"]
[Source "ChessBase"]
[SourceDate "2003.09.04"]
[SourceVersion "1"]
[SourceVersionDate "2003.09.04"]
[SourceQuality "1"]

1. e4 e6 2. d4 d5 3. e5 c5 4. c3 Nc6 5. Nf3 Bd7 6. a3 c4 7. g3 Qb6 8. Nbd2 Na5
9. Bh3 O-O-O 10. O-O h6 11. Ne1 Ne7 12. Ng2 h5 13. Ne3 g6 14. Bg2 Nf5 15. Nxf5
gxf5 16. h4 Be7 17. Nf3 Nb3 18. Rb1 Nxc1 19. Qxc1 Rdg8 20. Kh2 Ba4 21. Ng1 Qd8
22. Nh3 Bf8 23. Ng5 Bh6 24. f4 Bxg5 25. fxg5 Qb6 26. Bf3 Kb8 27. Qd2 Rg7 28.
Rf2 Rhg8 29. Kg2 1/2-1/2

[Event "Pre Amazon op"]
[Site "Imperatriz"]
[Date "2003.07.08"]
[Round "5"]
[White "Wolff, Carlos Alberto"]
[Black "Cubas, Jose Fernando"]
[Result "1/2-1/2"]
[WhiteElo "2090"]
[BlackElo "2419"]
[PlyCount "49"]
[EventDate "2003.07.05"]
[EventType "swiss"]
[EventRounds "9"]
[EventCountry "BRA"]
[SourceTitle "CBM 095 Extra"]
[Source "ChessBase"]
[SourceDate "2003.09.04"]
[SourceVersion "1"]
[SourceVersionDate "2003.09.04"]
[SourceQuality "1"]

1. e4 e6 2. d4 d5 3. exd5 exd5 4. Bd3 Bd6 5. Nf3 Nc6 6. c3 Nge7 7. Bg5 f6 8.
Bh4 Bg4 9. Nbd2 Qd7 10. Qc2 Bf5 11. O-O-O O-O 12. Bg3 a5 13. Bxd6 Bxd3 14. Qxd3
Qxd6 15. g4 Ng6 16. Ne1 Rae8 17. Ng2 Nd8 18. Qg3 Qxg3 19. hxg3 f5 20. gxf5 Rxf5
21. Ne3 Rxf2 22. Nxd5 c6 23. Nb6 Ree2 24. Rh5 Nf7 25. Rxa5 1/2-1/2

[Event "Pre Amazon op"]
[Site "Imperatriz"]
[Date "2003.07.09"]
[Round "6"]
[White "Cubas, Jose Fernando"]
[Black "Reis, Ernesto Guevara"]
[Result "1-0"]
[WhiteElo "2419"]
[BlackElo "2035"]
[PlyCount "41"]
[EventDate "2003.07.05"]
[EventType "swiss"]
[EventRounds "9"]
[EventCountry "BRA"]
[SourceTitle "CBM 095 Extra"]
[Source "ChessBase"]
[SourceDate "2003.09.04"]
[SourceVersion "1"]
[SourceVersionDate "2003.09.04"]
[SourceQuality "1"]

1. e4 c5 2. Nf3 d6 3. d4 cxd4 4. Nxd4 Nf6 5. Nc3 a6 6. f4 g6 7. Bd3 Bg7 8. a4
b6 9. O-O O-O 10. Kh1 Bb7 11. Nf3 Qc7 12. Qe1 Nbd7 13. Qh4 Nc5 14. f5 gxf5 15.
Bh6 Ncd7 16. Qg5 Ne8 17. Nd5 Bxd5 18. exd5 Ndf6 19. Nd4 Kh8 20. Nxf5 Bxh6 21.
Qxh6 1-0

[Event "Pre Amazon op"]
[Site "Imperatriz"]
[Date "2003.07.10"]
[Round "7"]
[White "Pelikian, Jefferson"]
[Black "Cubas, Jose Fernando"]
[Result "1-0"]
[WhiteElo "2415"]
[BlackElo "2419"]
[PlyCount "52"]
[EventDate "2003.07.05"]
[EventType "swiss"]
[EventRounds "9"]
[EventCountry "BRA"]
[SourceTitle "CBM 095 Extra"]
[Source "ChessBase"]
[SourceDate "2003.09.04"]
[SourceVersion "1"]
[SourceVersionDate "2003.09.04"]
[SourceQuality "1"]

1. e4 c5 2. Nf3 d6 3. c3 Nf6 4. Bd3 e5 5. O-O Nc6 6. Bc2 g6 7. d4 Bg4 8. dxc5
dxc5 9. Qxd8+ Rxd8 10. Bg5 Bg7 11. Nbd2 h6 12. Bxf6 Bxf6 13. Bb3 Ne7 14. h3
Bxf3 15. Nxf3 O-O 16. a4 Rd6 17. Bc4 Rfd8 18. h4 Bg7 19. Rfe1 Kf8 20. Rac1 f6
21. g4 h5 22. g5 f5 23. exf5 Nxf5 24. Nxe5 a6 25. Re2 Rd1+ 26. Rxd1 Rxd1+ 1-0

[Event "Pre Amazon op"]
[Site "Imperatriz"]
[Date "2003.07.12"]
[Round "9"]
[White "Cubas, Jose Fernando"]
[Black "Bachmann, Axel"]
[Result "1-0"]
[WhiteElo "2419"]
[BlackElo "2179"]
[PlyCount "45"]
[EventDate "2003.07.05"]
[EventType "swiss"]
[EventRounds "9"]
[EventCountry "BRA"]
[SourceTitle "CBM 095 Extra"]
[Source "ChessBase"]
[SourceDate "2003.09.04"]
[SourceVersion "1"]
[SourceVersionDate "2003.09.04"]
[SourceQuality "1"]

1. e4 Nc6 2. Nf3 d6 3. d4 Nf6 4. Nc3 Bg4 5. Be3 e6 6. h3 Bxf3 7. Qxf3 Be7 8. d5
exd5 9. exd5 Nb8 10. O-O-O O-O 11. g4 Nfd7 12. h4 Re8 13. g5 Nf8 14. Qg3 c5 15.
h5 f6 16. Bb5 Nbd7 17. Ne4 a6 18. Bxd7 Nxd7 19. Nxd6 Bxd6 20. Qxd6 fxg5 21. h6
Nf6 22. Qxc5 Rc8 23. Qd4 1-0

[Event "Vicente Lopez Magistral 6th"]
[Site "Vicente Lopez"]
[Date "2003.07.27"]
[Round "4"]
[White "Cubas, Jose Fernando"]
[Black "De Dovitiis, Alejo"]
[Result "1-0"]
[WhiteElo "2419"]
[BlackElo "2401"]
[PlyCount "67"]
[EventDate "2003.07.24"]
[EventType "tourn"]
[EventRounds "11"]
[EventCountry "ARG"]
[EventCategory "7"]
[SourceTitle "CBM 095 Extra"]
[Source "ChessBase"]
[SourceDate "2003.09.04"]
[SourceVersion "1"]
[SourceVersionDate "2003.09.04"]
[SourceQuality "1"]

1. e4 e6 2. d4 d5 3. e5 c5 4. c3 Nc6 5. Nf3 Bd7 6. a3 c4 7. h4 Qc7 8. g3 Nge7
9. h5 h6 10. Bg2 O-O-O 11. O-O g6 12. Nbd2 gxh5 13. Nh4 Ng6 14. Qxh5 Nxh4 15.
gxh4 Be7 16. Nf3 Rdg8 17. Qxf7 Rf8 18. Qg6 Rhg8 19. Qh7 Qd8 20. Kh2 Qe8 21. Be3
Rg6 22. h5 Rgg8 23. Ng1 Qxh5+ 24. Nh3 Rg6 25. Rg1 Qf5 26. Be4 Rxg1 27. Bxf5
Rxa1 28. Bg4 h5 29. Bxh5 b5 30. Bg4 a5 31. Nf4 Bg5 32. Ng6 Bxe3 33. Nxf8 Bf4+
34. Kg2 1-0

[Event "Vicente Lopez Magistral 6th"]
[Site "Vicente Lopez"]
[Date "2003.07.29"]
[Round "6"]
[White "Cubas, Jose Fernando"]
[Black "Marques, Vinicius"]
[Result "0-1"]
[WhiteElo "2419"]
[BlackElo "2380"]
[PlyCount "87"]
[EventDate "2003.07.24"]
[EventType "tourn"]
[EventRounds "11"]
[EventCountry "ARG"]
[EventCategory "7"]
[SourceTitle "CBM 095 Extra"]
[Source "ChessBase"]
[SourceDate "2003.09.04"]
[SourceVersion "1"]
[SourceVersionDate "2003.09.04"]
[SourceQuality "1"]

1. e4 c5 2. Nc3 Nc6 3. f4 e6 4. Nf3 d5 5. Bb5 Nge7 6. exd5 Nxd5 7. Ne5 Bd7 8.
Bxc6 Bxc6 9. Nxc6 bxc6 10. Qf3 Bd6 11. O-O O-O 12. Ne2 f5 13. c4 Ne7 14. b3 e5
15. Bb2 Ng6 16. Qxc6 exf4 17. d4 Re8 18. Rae1 Rc8 19. Qd5+ Kh8 20. Kh1 Qf6 21.
Ba1 cxd4 22. Bxd4 Be5 23. Bxe5 Rxe5 24. Qd2 Rce8 25. Nc3 h6 26. Nd5 Qh4 27.
Rxe5 Rxe5 28. h3 Re4 29. Qf2 Qg5 30. c5 Qd8 31. Rd1 Re5 32. Qd4 f3 33. gxf3 f4
34. Qc4 Rh5 35. Rd2 Rxh3+ 36. Rh2 Rxh2+ 37. Kxh2 Qh4+ 38. Kg2 Qg3+ 39. Kf1
Qxf3+ 40. Ke1 Qh1+ 41. Kd2 Ne5 42. Qb5 Qxd5+ 43. Kc3 Nc6 44. Qe2 0-1

[Event "Vicente Lopez Magistral 6th"]
[Site "Vicente Lopez"]
[Date "2003.07.30"]
[Round "7"]
[White "Valerga, Diego"]
[Black "Cubas, Jose Fernando"]
[Result "1/2-1/2"]
[WhiteElo "2496"]
[BlackElo "2419"]
[PlyCount "133"]
[EventDate "2003.07.24"]
[EventType "tourn"]
[EventRounds "11"]
[EventCountry "ARG"]
[EventCategory "7"]
[SourceTitle "CBM 095 Extra"]
[Source "ChessBase"]
[SourceDate "2003.09.04"]
[SourceVersion "1"]
[SourceVersionDate "2003.09.04"]
[SourceQuality "1"]

1. e4 e6 2. d4 d5 3. Nd2 Nf6 4. e5 Nfd7 5. Bd3 c5 6. c3 Nc6 7. Ne2 cxd4 8. cxd4
Qb6 9. Nf3 f6 10. exf6 Nxf6 11. O-O Bd6 12. b3 O-O 13. Bf4 Bxf4 14. Nxf4 Ne4
15. Ne2 Rxf3 16. Bxe4 Rf6 17. Bc2 Bd7 18. Qd3 Rh6 19. Qd2 Be8 20. Rad1 Bh5 21.
f3 Bg6 22. Bxg6 Rxg6 23. Rf2 Rf6 24. Nc3 Raf8 25. Na4 Qc7 26. Qe3 Rh6 27. f4 g5
28. Rdf1 gxf4 29. Rxf4 Rxf4 30. Rxf4 Rg6 31. Nc5 e5 32. dxe5 d4 33. Qe4 Qxe5
34. Qxe5 Nxe5 35. Re4 Nc6 36. Kf2 Rg7 37. Kf3 b6 38. Ne6 Rd7 39. Ke2 Kf7 40.
Ng5+ Kg7 41. Nf3 Kf6 42. g4 Nb4 43. Rf4+ Ke6 44. Rxd4 Rxd4 45. Nxd4+ Ke5 46.
Ke3 Nd5+ 47. Kd3 a6 48. Nc2 Kf4 49. Kd4 Ne7 50. Nb4 Kxg4 51. Nxa6 h5 52. Nb4
Kh3 53. Nd3 Kxh2 54. Ke4 Kg3 55. Nf4 h4 56. Ne2+ Kf2 57. Nf4 Kg3 58. Ne2+ Kg4
59. Nf4 Nc8 60. a4 Nd6+ 61. Ke3 Nf5+ 62. Ke4 Nd6+ 63. Ke3 Nf5+ 64. Ke4 Ng3+ 65.
Ke3 Nf1+ 66. Kf2 Nd2 67. Nd5 1/2-1/2

[Event "Vicente Lopez Magistral 6th"]
[Site "Vicente Lopez"]
[Date "2003.07.31"]
[Round "8"]
[White "Cubas, Jose Fernando"]
[Black "Scarella, Enrique Alejandro"]
[Result "1-0"]
[WhiteElo "2419"]
[BlackElo "2374"]
[PlyCount "105"]
[EventDate "2003.07.24"]
[EventType "tourn"]
[EventRounds "11"]
[EventCountry "ARG"]
[EventCategory "7"]
[SourceTitle "CBM 095 Extra"]
[Source "ChessBase"]
[SourceDate "2003.09.04"]
[SourceVersion "1"]
[SourceVersionDate "2003.09.04"]
[SourceQuality "1"]

1. e4 c5 2. Nf3 Nc6 3. d4 cxd4 4. Nxd4 Nf6 5. Nc3 d6 6. f3 e5 7. Nb3 Be7 8. Be3
O-O 9. Qd2 Be6 10. Nd5 Bxd5 11. exd5 Nb8 12. Be2 Nbd7 13. Na5 Qc7 14. c4 Nh5
15. O-O Nf4 16. Bd1 Bd8 17. b4 Qc8 18. Nb3 Qxc4 19. Rc1 Qa6 20. g3 Ng6 21. a4
Bb6 22. a5 Bxe3+ 23. Qxe3 Rfc8 24. Rxc8+ Rxc8 25. Be2 b5 26. Rc1 Ne7 27. Rxc8+
Nxc8 28. Qc3 Kf8 29. Qc7 Ke8 30. Nd2 Ne7 31. Ne4 Nxd5 32. Nxd6+ Ke7 33. Nf5+
Ke6 34. Nxg7+ Ke7 35. Nf5+ Ke6 36. Qd8 Kxf5 37. Qxd7+ Qe6 38. Qxb5 Qd6 39. Qc5
Qxc5+ 40. bxc5 Kf6 41. Bc4 Nc7 42. Kf2 Ke7 43. Ke3 f5 44. g4 Kf6 45. gxf5 Kxf5
46. Bd3+ Ke6 47. Bxh7 Kd5 48. Bg8+ Kxc5 49. h4 Ne8 50. Bf7 Ng7 51. Ke4 Kd6 52.
h5 Ke7 53. h6 1-0

[Event "Vicente Lopez Magistral 6th"]
[Site "Vicente Lopez"]
[Date "2003.08.01"]
[Round "9"]
[White "Slipak, Sergio"]
[Black "Cubas, Jose Fernando"]
[Result "1/2-1/2"]
[WhiteElo "2497"]
[BlackElo "2419"]
[PlyCount "23"]
[EventDate "2003.07.24"]
[EventType "tourn"]
[EventRounds "11"]
[EventCountry "ARG"]
[EventCategory "7"]
[SourceTitle "CBM 095 Extra"]
[Source "ChessBase"]
[SourceDate "2003.09.04"]
[SourceVersion "1"]
[SourceVersionDate "2003.09.04"]
[SourceQuality "1"]

1. d4 d5 2. c4 c6 3. Nf3 Nf6 4. e3 Bf5 5. Nc3 e6 6. Nh4 Be4 7. f3 Bg6 8. Nxg6
hxg6 9. Qb3 Qb6 10. c5 Qc7 11. Bd2 b6 12. cxb6 1/2-1/2

[Event "Vicente Lopez Magistral 6th"]
[Site "Vicente Lopez"]
[Date "2003.08.03"]
[Round "10"]
[White "Cubas, Jose Fernando"]
[Black "Lafuente, Pablo"]
[Result "1-0"]
[WhiteElo "2419"]
[BlackElo "2431"]
[PlyCount "55"]
[EventDate "2003.07.24"]
[EventType "tourn"]
[EventRounds "11"]
[EventCountry "ARG"]
[EventCategory "7"]
[SourceTitle "CBM 095 Extra"]
[Source "ChessBase"]
[SourceDate "2003.09.04"]
[SourceVersion "1"]
[SourceVersionDate "2003.09.04"]
[SourceQuality "1"]

1. e4 c5 2. Nf3 d6 3. d4 cxd4 4. Nxd4 Nf6 5. Nc3 a6 6. f4 e5 7. Nf3 Nbd7 8. a4
Be7 9. Bd3 O-O 10. O-O exf4 11. Bxf4 Ne5 12. Qe1 Nxf3+ 13. Rxf3 Ng4 14. Nd5 Ne5
15. Bxe5 dxe5 16. Bc4 Bc5+ 17. Kh1 Be6 18. Qc3 b5 19. axb5 axb5 20. Rxa8 Qxa8
21. Nc7 Bd4 22. Qb4 Qxe4 23. Nxe6 Ra8 24. Ng5 Ra1+ 25. Rf1 Rxf1+ 26. Bxf1 Qf4
27. Nf3 g5 28. Qxb5 1-0

[Event "Buenos Aires CA ITT 3rd"]
[Site "Buenos Aires"]
[Date "2003.??.??"]
[Round "1"]
[White "Cubas, Jose Fernando"]
[Black "Galindo, Ricardo"]
[Result "0-1"]
[WhiteElo "2419"]
[BlackElo "2277"]
[PlyCount "132"]
[EventDate "2003.08.05"]
[EventType "tourn"]
[EventRounds "11"]
[EventCountry "ARG"]
[EventCategory "3"]
[SourceTitle "CBM 095 Extra"]
[Source "ChessBase"]
[SourceDate "2003.09.04"]
[SourceVersion "1"]
[SourceVersionDate "2003.09.04"]
[SourceQuality "1"]

1. e4 c6 2. d4 d5 3. e5 Na6 4. c3 Nc7 5. Be3 g6 6. Nd2 h5 7. h3 Nh6 8. g3 Nf5
9. Ne2 Bh6 10. Bxh6 Rxh6 11. Rg1 Rh7 12. Nf3 Ne6 13. Qd3 Qb6 14. O-O-O Bd7 15.
g4 hxg4 16. hxg4 Nfg7 17. Ne1 O-O-O 18. f4 Rdh8 19. Nf3 Rh1 20. Rxh1 Rxh1 21.
Ng3 Rh8 22. Qe3 Nd8 23. e6 Bxe6 24. f5 Qc7 25. fxe6 Qxg3 26. exf7 Rf8 27. Be2
Rxf7 28. Rg1 Qf4 29. Qxf4 Rxf4 30. Ne5 g5 31. Rh1 Rf6 32. Rh8 Kc7 33. Rg8 Nde6
34. Nf3 Rf7 35. Kd2 Kd6 36. Ke3 a6 37. Rb8 Kc7 38. Rg8 Kd6 39. Bd3 c5 40. dxc5+
Kxc5 41. Rb8 Kc6 42. Rg8 Kc7 43. c4 dxc4 44. Bxc4 Rf8 45. Rxf8 Nxf8 46. Nxg5
Kd6 47. Nf7+ Kc5 48. Bb3 Nd7 49. Kf4 Kd4 50. Kg5 e5 51. Kh6 Ne8 52. g5 Nc5 53.
Bd1 e4 54. g6 Ne6 55. Bb3 e3 56. Bxe6 e2 57. Ng5 Ke3 58. Bd7 e1=Q 59. Bxe8 Qh4+
60. Kg7 Qxg5 61. Kf8 Qc5+ 62. Kf7 Qd5+ 63. Kf8 Qd6+ 64. Kf7 Kf4 65. g7 Kf5 66.
Ba4 Qf6+ 0-1

[Event "Buenos Aires CA ITT 3rd"]
[Site "Buenos Aires"]
[Date "2003.??.??"]
[Round "2"]
[White "Cubas, Jose Fernando"]
[Black "Real de Azua, Ernesto"]
[Result "1-0"]
[WhiteElo "2419"]
[BlackElo "2308"]
[PlyCount "79"]
[EventDate "2003.08.05"]
[EventType "tourn"]
[EventRounds "11"]
[EventCountry "ARG"]
[EventCategory "3"]
[SourceTitle "CBM 095 Extra"]
[Source "ChessBase"]
[SourceDate "2003.09.04"]
[SourceVersion "1"]
[SourceVersionDate "2003.09.04"]
[SourceQuality "1"]

1. e4 d5 2. exd5 Nf6 3. d4 Bg4 4. Bb5+ Nbd7 5. Be2 Bxe2 6. Qxe2 Nxd5 7. c4 N5f6
8. Nc3 g6 9. Bf4 c6 10. Nf3 Bg7 11. Bd6 Nb6 12. Ba3 Nc8 13. O-O O-O 14. Rfe1
Re8 15. Rad1 e6 16. Ne5 Qc7 17. Qf3 Nb6 18. b4 Nbd7 19. b5 c5 20. Bxc5 Nxe5 21.
dxe5 Qxc5 22. exf6 Bf8 23. Rd7 Qxc4 24. Re4 Qc5 25. Rxb7 Rac8 26. Re3 Rc7 27.
g3 Rec8 28. Rd3 Qe5 29. Rxc7 Rxc7 30. Qa8 Qxf6 31. Ne4 Qe7 32. Rd8 Kg7 33. Qb8
Rc1+ 34. Kg2 Rc4 35. Nd6 Ra4 36. Qc8 Rxa2 37. Rd7 Qxd6 38. Rxd6 Bxd6 39. Qc4
Ra3 40. Qd4+ 1-0

[Event "Buenos Aires CA ITT 3rd"]
[Site "Buenos Aires"]
[Date "2003.??.??"]
[Round "3"]
[White "Nedilsky, Diego"]
[Black "Cubas, Jose Fernando"]
[Result "1-0"]
[WhiteElo "2296"]
[BlackElo "2419"]
[PlyCount "41"]
[EventDate "2003.08.05"]
[EventType "tourn"]
[EventRounds "11"]
[EventCountry "ARG"]
[EventCategory "3"]
[SourceTitle "CBM 095 Extra"]
[Source "ChessBase"]
[SourceDate "2003.09.04"]
[SourceVersion "1"]
[SourceVersionDate "2003.09.04"]
[SourceQuality "1"]

1. g3 d5 2. Bg2 Bf5 3. d3 Nf6 4. c4 c6 5. Qb3 Qc8 6. cxd5 cxd5 7. Nc3 Nc6 8.
Nf3 d4 9. Nb5 e5 10. Nxe5 Be6 11. Qa4 a6 12. Nxd4 b5 13. Nxb5 axb5 14. Qxb5
Bb4+ 15. Bd2 Bxd2+ 16. Kxd2 O-O 17. Qxc6 Qb8 18. Qc3 Bd5 19. Nd7 Qd6 20. Nxf6+
gxf6 21. Qd4 1-0

[Event "Buenos Aires CA ITT 3rd"]
[Site "Buenos Aires"]
[Date "2003.??.??"]
[Round "4"]
[White "Cubas, Jose Fernando"]
[Black "Valiente, Cristobal"]
[Result "1-0"]
[WhiteElo "2419"]
[BlackElo "2322"]
[PlyCount "59"]
[EventDate "2003.08.05"]
[EventType "tourn"]
[EventRounds "11"]
[EventCountry "ARG"]
[EventCategory "3"]
[SourceTitle "CBM 095 Extra"]
[Source "ChessBase"]
[SourceDate "2003.09.04"]
[SourceVersion "1"]
[SourceVersionDate "2003.09.04"]
[SourceQuality "1"]

1. e4 Nc6 2. d4 d6 3. Nf3 Nf6 4. Nc3 Bg4 5. Be3 e6 6. h3 Bh5 7. d5 exd5 8. exd5
Bxf3 9. Qxf3 Ne5 10. Qe2 Be7 11. f4 Ned7 12. g4 Nb6 13. O-O-O O-O 14. Qf3 Re8
15. h4 c6 16. dxc6 bxc6 17. g5 Nfd5 18. Nxd5 Nxd5 19. Bd4 Bf8 20. h5 Qa5 21. a3
Re1 22. Bd3 Rae8 23. Rhxe1 Rxe1 24. c4 Rxd1+ 25. Kxd1 Qa4+ 26. Kc1 Nb6 27. Qe4
g6 28. hxg6 hxg6 29. f5 Nxc4 30. Bf6 1-0

[Event "Buenos Aires CA ITT 3rd"]
[Site "Buenos Aires"]
[Date "2003.??.??"]
[Round "5"]
[White "Molina, Jorge"]
[Black "Cubas, Jose Fernando"]
[Result "1/2-1/2"]
[WhiteElo "2310"]
[BlackElo "2419"]
[PlyCount "71"]
[EventDate "2003.08.05"]
[EventType "tourn"]
[EventRounds "11"]
[EventCountry "ARG"]
[EventCategory "3"]
[SourceTitle "CBM 095 Extra"]
[Source "ChessBase"]
[SourceDate "2003.09.04"]
[SourceVersion "1"]
[SourceVersionDate "2003.09.04"]
[SourceQuality "1"]

1. Nf3 Nf6 2. c4 c6 3. d4 d5 4. Nc3 a6 5. a4 e6 6. a5 c5 7. cxd5 exd5 8. g3 Nc6
9. Bg5 Be6 10. Bg2 Be7 11. O-O O-O 12. dxc5 Nxa5 13. b4 Nc6 14. Qb1 a5 15. bxa5
Nxa5 16. Rd1 Qc7 17. Nb5 Qxc5 18. Be3 Qb4 19. Qxb4 Bxb4 20. Nc7 Rac8 21. Nxe6
fxe6 22. Bh3 Rfe8 23. Ng5 Rc6 24. Rdb1 Bc3 25. Ra3 e5 26. Bb6 h6 27. Bxa5 Bxa5
28. Rxa5 hxg5 29. Rxb7 Rc1+ 30. Bf1 d4 31. Kg2 g4 32. Rb4 e4 33. Rg5 Rd8 34.
Rb7 Kh8 35. Rf7 Rc6 36. h3 1/2-1/2

[Event "Buenos Aires CA ITT 3rd"]
[Site "Buenos Aires"]
[Date "2003.??.??"]
[Round "6"]
[White "Cubas, Jose Fernando"]
[Black "Rodriguez, Jorge Luis"]
[Result "1/2-1/2"]
[WhiteElo "2419"]
[BlackElo "2417"]
[PlyCount "61"]
[EventDate "2003.08.05"]
[EventType "tourn"]
[EventRounds "11"]
[EventCountry "ARG"]
[EventCategory "3"]
[SourceTitle "CBM 095 Extra"]
[Source "ChessBase"]
[SourceDate "2003.09.04"]
[SourceVersion "1"]
[SourceVersionDate "2003.09.04"]
[SourceQuality "1"]

1. e4 c5 2. Nf3 g6 3. d4 cxd4 4. Nxd4 Bg7 5. Nc3 Nc6 6. Be3 Nf6 7. Be2 O-O 8.
O-O d6 9. Nb3 Bd7 10. f4 b5 11. a3 a5 12. Bf3 Rb8 13. Kh1 a4 14. Nd4 Na5 15.
Qd3 b4 16. axb4 Rxb4 17. Ra2 Nc4 18. Bc1 Qb6 19. b3 axb3 20. cxb3 Nb2 21. Bxb2
Rxd4 22. Ra6 Rxd3 23. Rxb6 Rc8 24. e5 dxe5 25. fxe5 Ng4 26. Nd5 Bf8 27. e6 Bxe6
28. Rxe6 Rxf3 29. Rxg6+ hxg6 30. gxf3 Rc2 31. fxg4 1/2-1/2

[Event "Buenos Aires CA ITT 3rd"]
[Site "Buenos Aires"]
[Date "2003.??.??"]
[Round "7"]
[White "Granara Barreto, Sebastian A"]
[Black "Cubas, Jose Fernando"]
[Result "1-0"]
[WhiteElo "2248"]
[BlackElo "2419"]
[PlyCount "55"]
[EventDate "2003.08.05"]
[EventType "tourn"]
[EventRounds "11"]
[EventCountry "ARG"]
[EventCategory "3"]
[SourceTitle "CBM 095 Extra"]
[Source "ChessBase"]
[SourceDate "2003.09.04"]
[SourceVersion "1"]
[SourceVersionDate "2003.09.04"]
[SourceQuality "1"]

1. d4 Nf6 2. Nf3 d5 3. c4 c6 4. Nc3 a6 5. c5 Nbd7 6. Bf4 Nh5 7. Be3 g6 8. h3
Ndf6 9. g4 Ng7 10. Bg2 h5 11. g5 Nd7 12. Nh4 e5 13. dxe5 Nxc5 14. Bxd5 cxd5 15.
Nxd5 Nd7 16. Qa4 b5 17. Qe4 Bb7 18. Rd1 Qa5+ 19. Kf1 Rd8 20. Nxg6 Bxd5 21. Rxd5
Rg8 22. Nf4 Qxa2 23. g6 Be7 24. gxf7+ Kxf7 25. Qg6+ Kf8 26. e6 Ne5 27. Rxd8+
Bxd8 28. Bc5+ 1-0

[Event "Buenos Aires CA ITT 3rd"]
[Site "Buenos Aires"]
[Date "2003.??.??"]
[Round "8"]
[White "Cubas, Jose Fernando"]
[Black "Bronstein, Luis Marcos"]
[Result "1-0"]
[WhiteElo "2419"]
[BlackElo "2325"]
[PlyCount "97"]
[EventDate "2003.08.05"]
[EventType "tourn"]
[EventRounds "11"]
[EventCountry "ARG"]
[EventCategory "3"]
[SourceTitle "CBM 095 Extra"]
[Source "ChessBase"]
[SourceDate "2003.09.04"]
[SourceVersion "1"]
[SourceVersionDate "2003.09.04"]
[SourceQuality "1"]

1. e4 e6 2. d4 d5 3. e5 c5 4. c3 Nc6 5. Nf3 Bd7 6. a3 c4 7. h4 Qc7 8. g3 O-O-O
9. Bg2 Na5 10. Nbd2 h6 11. Qe2 Ne7 12. Nf1 Nb3 13. Rb1 Nxc1 14. Rxc1 Nc6 15.
Ne3 Na5 16. O-O Nb3 17. Rce1 Be7 18. Nh2 Bc6 19. f4 f5 20. exf6 gxf6 21. Neg4
Bd7 22. Bxd5 exd5 23. Qxe7 Rhg8 24. Nxf6 Rxg3+ 25. Kh1 Nd2 26. Rg1 Ne4 27. Nxe4
Rxg1+ 28. Rxg1 dxe4 29. Qe5 Bc6 30. Qxc7+ Kxc7 31. Rg7+ Kb6 32. Ng4 Rf8 33. d5
Bxd5 34. Ne3 Bc6 35. f5 Kc5 36. Kg2 Rd8 37. f6 Rf8 38. Rg6 h5 39. Kg3 Kb5 40.
Kf4 Ka4 41. Nxc4 Kb3 42. Na5+ Kxb2 43. Nxc6 bxc6 44. Kxe4 Kxa3 45. Ke5 a5 46.
Ke6 a4 47. Ke7 Ra8 48. f7 Ra7+ 49. Ke6 1-0